000 00279nam a22001217a 4500
008 170224b xxu||||| |||| 00| 0 eng d
041 _aeng
080 _a617
100 _a5
101 _aSHK
245 _aTHE SURGICAL CLINICS OF NORTH AMERICA
_cSKANDALAKIS.J.E
942 _2udc
_cBK
999 _c6212
_d6212